000
00344nam a2200145Ia 4500
008
150201s2003 xx 000 0 und d
082
_a
612
_b
EH
100
_a
HUMMEL, JOHN D.
245
_a
ELECTROPHYSIOLOGY POCKET GUIDE
250
_a
1ST
260
_b
THIEME
_a
INDIA
_c
2003
300
_a
1-295
650
_a
HUMAN PHYSIOLOGY
942
_2
ddc
_c
BK
999
_c
1763
_d
1763